00311nam a22001337a 4500020001500000082001500015100001900030245004600049260003400095300000800129650001600137942000700153999001700160 a817151183X a340.59 AKH aAkhtar, Saleem aShah Banu Judgment in Islamic Prespective aNew DelhibKitab Bhavanc1994 a453 aIslamic LAw cBK c20294d20294